La derivación nominal en español
Gespeichert in:
| 1. Verfasser: | |
|---|---|
| Format: | Buch |
| Sprache: | Spanisch |
| Veröffentlicht: |
Madrid
Arco Libros
1997
|
| Ausgabe: | 1a. ed |
| Schriftenreihe: | Cuadernos de Lengua Española
|
| Schlagworte: | |
| Tags: |
Tag hinzufügen
Keine Tags, Fügen Sie den ersten Tag hinzu!
|
MARC
| LEADER | 00000nam a2200000 a 4500 | ||
|---|---|---|---|
| 001 | UCK2198 | ||
| 003 | CL-VaPUC | ||
| 008 | 041223e19970000SP |||||||||||||||||spa|d | ||
| 020 | |a 8476352794 | ||
| 082 | 0 | 4 | |a 465 |b BAJ |2 21 |
| 100 | 0 | |a Bajo Pérez, Elena |e author |9 490021 | |
| 245 | 1 | 3 | |a La derivación nominal en español |
| 250 | |a 1a. ed | ||
| 300 | |a 85 p | ||
| 942 | |c BK | ||
| 945 | |d 20041223 00:00:00 |a cmena | ||
| 260 | |a Madrid |b Arco Libros |c 1997 | ||
| 650 | 0 | |a Gramática española |9 403055 | |
| 650 | 7 | |a MORFOSINTAXIS |2 CL-VaPUC |9 387664 | |
| 650 | 0 | |a Investigación lingüística |9 329785 | |
| 583 | |a last modification |c 20041223 00:00:00 |k Rodrigo Vera | ||
| 490 | 0 | |a Cuadernos de Lengua Española | |
| 999 | |c 311817 |d 311815 | ||
| 952 | |0 0 |1 0 |4 0 |6 465_000000000000000_BAJ_1997 |7 0 |8 A |9 381476 |a FDOPOS |b FDOPOS |d 2019-11-21 |i 4089669 |o 465 BAJ 1997 |p 4089669 |r 2025-01-22 |w 2019-11-21 |y BK |k MLA | ||